Konjunkturní situace na světovém trhu průmyslových a potravinářských surovin

Guardado en:
Detalles Bibliográficos
Formato: Libro
Lenguaje:checo
Publicado: Praha Centrum vnějších ekonomických vztahů 1996
Edición:1. vyd.
Materias:
Etiquetas: Agregar Etiqueta
Sin Etiquetas, Sea el primero en etiquetar este registro!

MARC

LEADER 00000nam a2200000 4500
001 c013147
005 20250526072252.4
041 0 |a cze 
044 |a CZ 
245 1 0 |a Konjunkturní situace na světovém trhu průmyslových a potravinářských surovin 
250 |a 1. vyd. 
264 1 |a Praha  |b Centrum vnějších ekonomických vztahů  |c 1996 
300 |a 42 s. 
610 2 0 |a konjunktúra 
610 2 0 |a priemysel 
610 2 0 |a potravinárstvo 
610 2 0 |a suroviny